A Henkel GMBH és a Henkel Magyarország Kft. elemzése szervezeti felépítés, szervezeti mendzsment, piaci helyzet és fenntarthatóság alapján

Bibliographic Details
Main Author: Pirók Norbert
Other Authors: Marosán Dr. György
Format: Thesis
Kulcsszavak:Henkel Magyarország Kft.
PESTEL elemzés
Henkel GMBH
Szervezeti kultúra
Piaci helyzet
Online Access:http://dolgozattar.uni-bge.hu/18717

MARC

LEADER 00000nta a2200000 i 4500
001 dolg18717
005 20200331094430.0
008 181201suuuu hu om 000 hun d
040 |a BGE Dolgozattár Repozitórium  |b hun 
041 |a hu 
100 1 |a Pirók Norbert 
245 1 2 |a A Henkel GMBH és a Henkel Magyarország Kft. elemzése szervezeti felépítés, szervezeti mendzsment, piaci helyzet és fenntarthatóság alapján  |c Pirók Norbert  |h [elektronikus dokumentum] 
246 1 1 |a A Henkel GMBH és a Henkel Magyarország Kft. elemzése szervezeti felépítés, szervezeti mendzsment, piaci helyzet és fenntarthatóság alapján 
695 |a Henkel Magyarország Kft. 
695 |a PESTEL elemzés 
695 |a Henkel GMBH 
695 |a Szervezeti kultúra 
695 |a Piaci helyzet 
700 1 |a Marosán Dr. György  |e ths 
856 4 0 |u http://dolgozattar.uni-bge.hu/18717/1/Szakdolgozat_Pir%C3%B3k_Norbert.pdf  |z Dokumentum-elérés 
856 4 0 |u http://dolgozattar.uni-bge.hu/18717/2/HivatalosBejegyzes.pdf  |z Dokumentum-elérés